| 000 | 00507nam a2200181Ia 4500 | ||
|---|---|---|---|
| 005 | 20250508160647.0 | ||
| 008 | 008 250505s9999 xx 000 0 eng d | ||
| 037 | _aTextual | ||
| 040 |
_aFEDL _beng _cFEDL |
||
| 041 |
_aeng _2eng |
||
| 084 |
_a910.7, THR _qFEDL |
||
| 100 |
_aThralis Zoe A _9769041 |
||
| 245 | 0 | _aTeaching of geography | |
| 260 |
_aRam Nagar, India _bEurasia Publishing House Pvt. Ltd. _c1958 |
||
| 300 | _a339p | ||
| 942 |
_cTEXL _h910.7, THR |
||
| 999 |
_c1365890 _d1365890 |
||